JUGADORES DEL MADRID CON MÁS PARTIDOS - Estadísticas

Estadísticas generales
  • Esta prueba ha sido intentada 25 veces
  • La puntuación promedio es 11 de 33
Estadísticas de respuestas
Partidos Jugador % Correcto
725 Iker Casillas
91%
438 Cristiano Ronaldo
87%
671 Sergio Ramos
87%
648 Benzema
83%
741 Raúl González
70%
597 Luka Modric
65%
436 Dani Carvajal
57%
465 Toni Kroos
57%
600 Paco Gento
48%
463 Emilio Butragueño
43%
546 Marcelo Vieira
43%
602 Fernando Hierro
39%
396 Alfredo di Stefano
35%
645 Santillana
35%
542 Guti
30%
364 Nacho Fernández
30%
710 Manolo Sanchís
26%
371 Michel Salgado
26%
456 Paco Buyo
22%
561 Pirri
22%
360 Raphael Varane
17%
471 Amancio Amaro
13%
561 Michel González
13%
577 José Antonio Camacho
9%
402 Lucas Vázquez
9%
527 da Silva
4%
498 Miguel Porlán Chendo
4%
420 Goyo Benito
0%
434 Ignacio Zoco
0%
401 Juanito Gómez
0%
402 Manuel Velázquez
0%
366 Ramón Grosso
0%
372 Ricardo Gallego
0%
No se encontraron pruebas coincidentes
Distribución de puntuación
Porcentaje de gente con cada puntuación
Porcentaje por número respondido
Historial de tus puntuaciones
No has intentado esta prueba.